000 00988nam a22002417a 4500
005 20080623160712.0
010 _aENG-90391
020 _c120.00
_a8180940497
035 _aEN-73924
035 _aG-001283
037 _bDBAD / PUB
082 _a510.9
100 _aSmith, David Eugene
_934430
245 _aHistory of modern mathematics /
_cby David Eugene Smith
250 _a4th enlarged ed.
260 _aChennai
_bMJP Publishers
_c2008
260 _a
_b
270 _a47, Nallathambi Street Triplicane,
_bChennai
_e600005
300 _avi, 116p.
_c23 cm (pbk)
942 _cEN
_h510.9
_2ddc
_mSMI
999 _c13898
_d13898